|
|
|
|
| LEADER |
01970cas a2200313 a 4500 |
| 001 |
AALejournalIMF007270 |
| 008 |
230101c9999 xx r poo 0 0eng d |
| 020 |
|
|
|c 5.00 USD
|
| 020 |
|
|
|z 9781455289677
|
| 022 |
|
|
|a 1934-7685
|
| 040 |
|
|
|a BD-DhAAL
|c BD-DhAAL
|
| 110 |
2 |
|
|a International Monetary Fund.
|
| 245 |
1 |
0 |
|a Rwanda :
|b Poverty Reduction Strategy Paper; Progress Report.
|
| 264 |
|
1 |
|a Washington, D.C. :
|b International Monetary Fund,
|c 2011.
|
| 300 |
|
|
|a 1 online resource (266 pages)
|
| 490 |
1 |
|
|a IMF Staff Country Reports
|
| 500 |
|
|
|a <strong>Off-Campus Access:</strong> No User ID or Password Required
|
| 500 |
|
|
|a <strong>On-Campus Access:</strong> No User ID or Password Required
|
| 506 |
|
|
|a Electronic access restricted to authorized BRAC University faculty, staff and students
|
| 520 |
3 |
|
|a Rwanda's Economic Development and Poverty Reduction Strategy (EDPRS) covers the period 2008-12 and provides a medium-term framework for achieving the country's long-term development aspirations as embodied in Rwanda Vision 2020, the seven-year Government of Rwanda (GoR) program, and the Millennium Development Goals. The economic cluster covers the macroeconomic and financial sector (energy, transport, information and communication technology (ICT) and Science, Technology and Innovation (STI), private sector development, and environment and natural resources management; and the social sector covers health, water and sanitation, education, social protection, and youth. The government cluster is also viewed.
|
| 538 |
|
|
|a Mode of access: Internet
|
| 650 |
|
7 |
|a CR
|2 imf
|
| 650 |
|
7 |
|a ISCR
|2 imf
|
| 650 |
|
7 |
|a Paper
|2 imf
|
| 650 |
|
7 |
|a Poverty Reduction Strategy Paper
|2 imf
|
| 650 |
|
7 |
|a Poverty Reduction Strategy
|2 imf
|
| 651 |
|
7 |
|a Rwanda
|2 imf
|
| 830 |
|
0 |
|a IMF Staff Country Reports; Country Report ;
|v No. 2011/154
|
| 856 |
4 |
0 |
|z Full text available on IMF
|u http://elibrary.imf.org/view/journals/002/2011/154/002.2011.issue-154-en.xml
|z IMF e-Library
|